000 00751nam a2200181 a 4500
008 120416s1983 ||||||||||||||||| || u
050 _aJC 491 Cri
100 _aCohen, Robin
245 1 0 _aCrisis in the Caribbean
_cedited by Fitzroy Ambursely
260 _aLondon
_bHeinemann
_c1983
300 _axi, 276p. : ill.
350 _a0.00
650 _aPOLITICS
650 _aPOLITICAL CRISIS--CARIBBEAN
700 _aAmbursely, Fitzroy
995 _D0.00
_FCBU-MAIN LIBRARY (Kitwe)
_H2
_I7.95
_M1
_UAVAILABLE
_ZAnnex Low-Usage Collection
995 _D0.00
_FCBU-MAIN LIBRARY (Kitwe)
_H1
_I7.95
_M2
_UAVAILABLE
_ZAnnex Low-Usage Collection
999 _c62617
_d62617